MARC

LEADER 00000nam0a2200000 4500
001 369315
005 20231102012154.0
035 |a (RuTPU)RU\TPU\retro\26697 
090 |a 369315 
100 |a 20220518d1980 km y0rusy50 ca 
101 0 |a rus 
102 |a RU 
105 |a a z 001zy 
200 1 |a Экономико-мактематическое моделирование в американских корпорациях  |f Ю. А. Ушанов  |g Академия наук СССР, Институт США и Канады 
210 |a Москва  |c Наука  |d 1980 
215 |a 184 с.  |c ил. 
320 |a Библиогр.: с. 177-183 
606 1 |a Корпорации  |x Управление  |y США  |2 stltpush  |3 (RuTPU)RU\TPU\subj\36324  |9 57745 
610 1 |a экономико-математические модели 
610 1 |a менеджмент 
610 1 |a расчеты 
610 1 |a управленческие решения 
610 1 |a концепции 
610 1 |a методы 
610 1 |a использование 
610 1 |a экономическая эффективность 
686 |a У9(7США)21  |v LBC/SL-A  |2 rubbk 
700 1 |a Ушанов  |b Ю. А.  |g Юрий Александрович 
712 0 2 |a Академия наук СССР  |b Институт США и Канады  |c (Москва)  |2 stltpush  |3 (RuTPU)RU\TPU\col\4141  |9 23932 
801 1 |a RU  |b 63413507  |c 20220518 
942 |c BK